LEADER 00865nam0-22003131i-450- 001 990000841650403321 005 20001010 010 $a0-13-329623-7 035 $a000084165 035 $aFED01000084165 035 $a(Aleph)000084165FED01 035 $a000084165 100 $a20001010d--------km-y0itay50------ba 101 0 $aita 105 $ay-------001yy 200 1 $aFoundations of Applied Mathematics$fM.D. Greenberg 210 $aEnglewood Cliffs$cPrentice-Hall$d1978 215 $aXVII, 636 p.$d24 cm 610 0 $aFoundations of Applied Mathematics 676 $a515 700 1$aGreenberg,$bMichael D.$040789 801 0$aIT$bUNINA$gRICA$2UNIMARC 901 $aBK 912 $a990000841650403321 952 $a02 4 A 44$b2801$fFINBN 959 $aFINBN 996 $aFoundations of Applied Mathematics$9348888 997 $aUNINA DB $aING01 LEADER 00706nam1-22002651i-450 001 990005401120203316 005 20210224130319.0 035 $a000540112 035 $aUSA01000540112 035 $a(ALEPH)000540112USA01 100 $a20010829d1982----km y1itay5003----ba 101 0 $aeng 102 $aUS 200 1 $aModels of bounded rationality$fHerbert A. Simon 210 $aCambridge$cCambridge University Press$d1982 215 $a2 v.$d23 cm 606 0 $aEconomia$2BNCF 676 $a330 700 1$aSIMON,$bHerbert A.$0458148 801 0$aIT$bSOL$c20120104 912 $a990005401120203316 959 $aBK 969 $aDISES 996 $aModels of bounded rationality$91141444 997 $aUNISA LEADER 01306nam 2200409 a 450 001 9910694560103321 005 20050824080122.0 035 $a(CKB)5470000002363091 035 $a(OCoLC)61328712 035 $a(EXLCZ)995470000002363091 100 $a20050824d2000 ua 0 101 0 $aeng 135 $aurmn|---||||| 181 $ctxt$2rdacontent 182 $cc$2rdamedia 183 $acr$2rdacarrier 200 10$aSmallpox$b[electronic resource] $ea primer /$fby Brenda J. McEleney 210 1$aMaxwell Air Force Base, Ala. :$cUSAF Counterproliferation Center, Air War College, Air University,$d[2000] 225 1 $aCounterproliferation papers. Future warfare series ;$vno. 9 300 $aTitle from title screen (viewed on Aug. 23, 2005). 300 $a"October 2000." 320 $aIncludes bibliographical references. 517 $aSmallpox 606 $aSmallpox$xPrevention 606 $aCommunicable diseases 606 $aEpidemiology 615 0$aSmallpox$xPrevention. 615 0$aCommunicable diseases. 615 0$aEpidemiology. 700 $aMcEleney$b Brenda J$01384714 712 02$aUSAF Counterproliferation Center. 801 0$bGPO 801 1$bGPO 906 $aBOOK 912 $a9910694560103321 996 $aSmallpox$93431418 997 $aUNINA